[Event "Rated Blitz game"]
[Site "?"]
[Date "2021.06.06"]
[Round "?"]
[White "D33"]
[Black "bdms"]
[Result "1-0"]
[WhiteElo "2409"]
[BlackElo "2398"]
[PlyCount "121"]
[EventDate "2021.??.??"]
[EventType "blitz"]

1. e4 e5 2. Nf3 d5 3. exd5 e4 4. Nd4 Qxd5 5. Nb3 Nf6 6. Nc3 Qe5 7. Qe2 Bd6 8.
d3 exd3 9. Qxe5+ Bxe5 10. Bxd3 O-O 11. O-O b6 12. Ne4 Bb7 13. Nxf6+ Bxf6 14. c3
Nd7 15. Be3 Ne5 16. Be2 Rfd8 17. Rfd1 c5 18. h3 Kf8 19. f4 Ng6 20. Kf2 Ke7 21.
Rxd8 Rxd8 22. Rd1 Rxd1 23. Bxd1 Kd7 24. g3 Ne7 25. Bxc5 bxc5 26. Nxc5+ Kc7 27.
Nxb7 Kxb7 28. Bf3+ Kc8 29. Be4 g6 30. g4 Kc7 31. Ke3 Nc6 32. Kd3 Bh4 33. b4 Bg3
34. Ke3 Be1 35. Kd3 Nd8 36. a4 Ne6 37. f5 Ng5 38. Bg2 h5 39. gxh5 gxh5 40. b5
Kb6 41. c4 Kc5 42. Bd5 f6 43. Bg2 h4 44. Bf1 Nf7 45. Ke2 Ba5 46. Kf3 Ne5+ 47.
Kf4 Nxc4 48. Kg4 Be1 49. Kh5 Ne5 50. Kh6 Bd2+ 51. Kg7 Bg5 52. a5 Nf3 53. b6 a6
54. Bxa6 Kb4 55. Be2 Kxa5 56. b7 Kb6 57. Bxf3 Kc7 58. Kf7 Kb8 59. Ke6 Kc7 60.
Ke7 Kb8 61. Kd7 {Time forfeit} 1-0

[Event "Checkmate Covid Rematch"]
[Site "chess.com INT"]
[Date "2021.06.06"]
[Round "?"]
[White "Pal, Rohan"]
[Black "Sedgwick, D."]
[Result "1/2-1/2"]
[WhiteElo "1759"]
[BlackElo "1874"]
[PlyCount "104"]
[EventDate "2021.06.05"]
[SourceTitle "The Week in Chess 1388"]
[Source "Mark Crowther"]
[SourceDate "2021.06.14"]
[SourceVersion "1"]
[SourceVersionDate "2021.06.14"]
[SourceQuality "2"]

1. e4 e5 2. Nf3 d5 3. Nxe5 Bd6 4. d4 dxe4 5. Bc4 Bxe5 6. Qh5 Qe7 7. dxe5 Be6 8.
Bxe6 Qxe6 9. O-O Nc6 10. Nc3 Qxe5 11. Qxe5+ Nxe5 12. Nxe4 O-O-O 13. Bf4 Ng6 14.
Bg3 N8e7 15. Rad1 Nf5 16. Rfe1 Nxg3 17. Nxg3 Rxd1 18. Rxd1 Rd8 19. Rxd8+ Kxd8
20. Nf5 Kd7 21. Nxg7 c5 22. Nf5 b5 23. Ne3 a5 24. g3 Ke6 25. f4 Ne7 26. Kf2 f5
27. h3 a4 28. g4 fxg4 29. hxg4 b4 30. f5+ Ke5 31. Kf3 Nc6 32. c3 a3 33. cxb4
axb2 34. Nc4+ Kd4 35. Nxb2 Nxb4 36. f6 Nc6 37. Kf4 Nd8 38. Kf5 c4 39. Nxc4 Kxc4
40. g5 Kb4 41. g6 hxg6+ 42. Kxg6 Ka3 43. Kg7 Kxa2 44. Kf8 Ne6+ 45. Kf7 Ng5+ 46.
Kg6 Ne6 47. f7 Nf8+ 48. Kg7 Ne6+ 49. Kf6 Nf8 50. Ke7 Ng6+ 51. Ke8 Kb3 52. f8=Q
Nxf8 1/2-1/2

[Event "Rated Blitz game"]
[Site "?"]
[Date "2021.06.06"]
[Round "?"]
[White "Kudritsky_Maksim_04"]
[Black "annaly1979"]
[Result "0-1"]
[WhiteElo "2465"]
[BlackElo "2436"]
[PlyCount "62"]
[EventDate "2021.??.??"]
[EventType "blitz"]

1. e4 e5 2. Nf3 d5 3. Nxe5 Qe7 4. d4 f6 5. Qh5+ g6 6. Nxg6 Qxe4+ 7. Be3 Qxg6 8.
Qf3 Ne7 9. Bd3 Bf5 10. Nc3 Bxd3 11. cxd3 c6 12. O-O-O Nd7 13. h4 O-O-O 14. h5
Qf5 15. Qg3 Rg8 16. Qh2 Qg4 17. f3 Qxg2 18. Qf4 Qg5 19. Rhg1 Qxf4 20. Bxf4 Rxg1
21. Rxg1 Nf5 22. Ne2 Nh4 23. Rg3 Re8 24. Kd2 Nf5 25. Rg4 Kd8 26. a3 Bd6 27.
Bxd6 Nxd6 28. Rg7 Re7 29. Rg8+ Kc7 30. h6 Nf5 31. Nf4 Nxh6 {Normal} 0-1

[Event "Rated Blitz game"]
[Site "?"]
[Date "2021.06.06"]
[Round "?"]
[White "RH1990"]
[Black "Slimslik02"]
[Result "1-0"]
[WhiteElo "2496"]
[BlackElo "2376"]
[PlyCount "71"]
[EventDate "2021.??.??"]
[EventType "blitz"]

1. e4 e5 2. Nf3 d5 3. exd5 e4 4. Qe2 Nf6 5. d3 Qxd5 6. Nbd2 e3 7. fxe3 Qd8 8.
g3 Bd6 9. Bg2 Bg4 10. O-O Qd7 11. b3 Nc6 12. Bb2 O-O-O 13. Nc4 Rde8 14. Qd2 Bb4
15. c3 Bc5 16. b4 Bb6 17. a4 Be6 18. Nxb6+ axb6 19. a5 Bc4 20. dxc4 Qxd2 21.
Nxd2 Rxe3 22. a6 Re2 23. axb7+ Kxb7 24. b5 Rxg2+ 25. Kxg2 Ne5 26. c5 bxc5 27.
c4 Neg4 28. Rfe1 Rd8 29. Nf3 Rd3 30. h3 Ne3+ 31. Kf2 Nxc4 32. Bxf6 gxf6 33.
Rad1 Rb3 34. Re7 Rb2+ 35. Kg1 Ne3 36. Rxe3 {Time forfeit} 1-0

[Event "Rated Blitz game"]
[Site "?"]
[Date "2021.06.06"]
[Round "?"]
[White "malcriado007"]
[Black "Fantastic_power06"]
[Result "1-0"]
[WhiteElo "2556"]
[BlackElo "2673"]
[PlyCount "69"]
[EventDate "2021.??.??"]
[EventType "blitz"]

1. e4 e5 2. Nf3 d5 3. Nxe5 Bd6 4. d4 dxe4 5. Bc4 Bxe5 6. dxe5 Qxd1+ 7. Kxd1 Nc6
8. Bb5 Bd7 9. Bf4 O-O-O 10. Nd2 Nxe5 11. Bxe5 Bxb5 12. Bxg7 Ne7 13. Bxh8 Rxh8
14. Nxe4 Rg8 15. Ng3 f5 16. Rg1 f4 17. Ne4 Nf5 18. g3 f3 19. Nc3 Rd8+ 20. Kc1
Ba6 21. b3 Ne3 22. h3 Ng2 23. a4 c6 24. a5 h5 25. Ra4 Kc7 26. Re4 h4 27. gxh4
Rh8 28. Re7+ Kd6 29. Rf7 Be2 30. Rg7 Nxh4 31. Rxb7 Nf5 32. Rg6+ Ke5 33. Rxc6
Rxh3 34. Rb4 Rh2 35. Re4# {Normal} 1-0

[Event "Rated Blitz tournament eKD9UyMl"]
[Site "?"]
[Date "2021.06.06"]
[Round "?"]
[White "michelchess94"]
[Black "CristianS27"]
[Result "1/2-1/2"]
[WhiteElo "2611"]
[BlackElo "2477"]
[PlyCount "91"]
[EventDate "2021.??.??"]
[EventType "blitz"]

1. e4 e5 2. Nf3 d5 3. d4 dxe4 4. Nxe5 Nd7 5. Qh5 Nxe5 6. Qxe5+ Be7 7. Qxg7 Bf6
8. Qg3 Ne7 9. Nc3 Bf5 10. Bc4 Qxd4 11. Bb3 O-O-O 12. Be3 Qe5 13. Qxe5 Bxe5 14.
Bxf7 h5 15. Rd1 Bxc3+ 16. bxc3 Bg4 17. Rd2 b6 18. h3 Bf5 19. O-O Rxd2 20. Bxd2
Rh7 21. Bc4 Rg7 22. Kh2 Kb7 23. Be3 h4 24. Rd1 Ng6 25. Rd8 Ne5 26. Be2 a5 27.
Bd4 Re7 28. Rd5 Nf3+ 29. gxf3 exf3 30. Bf1 Bxc2 31. Re5 Rf7 32. Be3 Bb1 33. Rg5
Bxa2 34. c4 Rd7 35. c5 a4 36. cxb6 cxb6 37. Rb5 Rc7 38. Rxb6+ Kc8 39. Rb4 Bb3
40. Ba6+ Kd8 41. Bb5 Ke7 42. Bf4 Kf6 43. Bxc7 Bc2 44. Bxa4 Kg5 45. Bxc2 Kh5 46.
Bf4 {Normal} 1/2-1/2

[Event "Rated Blitz game"]
[Site "?"]
[Date "2021.06.06"]
[Round "?"]
[White "SomeCM"]
[Black "pasha1984"]
[Result "0-1"]
[WhiteElo "2442"]
[BlackElo "2416"]
[PlyCount "34"]
[EventDate "2021.??.??"]
[EventType "blitz"]

1. e4 e5 2. Nf3 d5 3. exd5 e4 4. Qe2 Nf6 5. Nc3 Be7 6. Nxe4 Nxd5 7. g3 O-O 8.
d3 Re8 9. Be3 f5 10. Nc3 Bb4 11. Qd2 f4 12. gxf4 Bg4 13. Bg2 Nxf4 14. O-O Nxg2
15. Kxg2 Bxc3 16. Qxc3 Qd5 17. Qc4 Bxf3+ {Normal} 0-1

[Event "Rated Blitz game"]
[Site "?"]
[Date "2021.06.06"]
[Round "?"]
[White "RatzFatzWeg"]
[Black "liaqat321"]
[Result "1-0"]
[WhiteElo "2473"]
[BlackElo "2410"]
[PlyCount "55"]
[EventDate "2021.??.??"]
[EventType "blitz"]

1. e4 e5 2. Nf3 d5 3. exd5 e4 4. Qe2 Nf6 5. d3 Bb4+ 6. Bd2 O-O 7. dxe4 Be7 8.
Qd3 Re8 9. Be2 Bc5 10. Nc3 b6 11. e5 Ba6 12. Nb5 Nxd5 13. c4 Nb4 14. Qxd8 Rxd8
15. O-O Bxb5 16. cxb5 Nd7 17. Rfc1 Nxe5 18. Bxb4 Nxf3+ 19. Bxf3 Bxb4 20. Bxa8
Rxa8 21. Rxc7 g6 22. Rd1 Re8 23. Kf1 Re5 24. a3 Bc5 25. b4 Bf8 26. Rxa7 Rxb5
27. g4 Bh6 28. Rdd7 {Normal} 1-0

[Event "Rated Blitz tournament oGBDrzdu"]
[Site "?"]
[Date "2021.06.06"]
[Round "?"]
[White "WattSchrott"]
[Black "vovaches"]
[Result "0-1"]
[WhiteElo "2505"]
[BlackElo "2536"]
[PlyCount "142"]
[EventDate "2021.??.??"]
[EventType "blitz"]

1. e4 e5 2. Nf3 d5 3. Nxe5 Bd6 4. d4 dxe4 5. Nc4 Nf6 6. Nc3 O-O 7. Be2 Re8 8.
O-O Nc6 9. Bg5 Nxd4 10. Ne3 Nxe2+ 11. Qxe2 h6 12. Bh4 Qe7 13. Ncd5 Qe5 14.
Nxf6+ gxf6 15. Bg3 Qg5 16. Bxd6 cxd6 17. Rad1 Rd8 18. Rd5 Qg6 19. Rfd1 Be6 20.
Rxd6 Rxd6 21. Rxd6 f5 22. Nd5 Qg7 23. c3 Qe5 24. Qd2 Kg7 25. Nf4 Re8 26. Qd4
Qxd4 27. Rxd4 Kf6 28. a3 Ke5 29. g3 Rc8 30. Kf1 Rc7 31. Ke2 b5 32. Ke3 a6 33.
h4 a5 34. Ne2 Bc4 35. Nf4 b4 36. axb4 axb4 37. cxb4 Be6 38. b5 Rb7 39. Rb4 Kd6
40. Kd4 Rd7 41. b6 Kc6+ 42. Ke5 Kb7 43. Rd4 Re7 44. Kf6 Re8 45. Rd6 Bb3 46.
Kxf5 e3 47. fxe3 Rxe3 48. g4 Bc2+ 49. Kf6 Re4 50. Kxf7 Rxf4+ 51. Rf6 Rxg4 52.
Rxh6 Rb4 53. h5 Rxb2 54. Kf8 Bd3 55. Rd6 Bb1 56. h6 Rh2 57. Kg7 Bc2 58. Rf6
Rg2+ 59. Kf7 Bb3+ 60. Ke7 Rg8 61. Kd6 Rh8 62. Kc5 Bc2 63. Rf7+ Kb8 64. Kc6 Be4+
65. Kc5 Rxh6 66. Rf8+ Kb7 67. Rf7+ Kb8 68. Re7 Rh5+ 69. Kd6 Bg6 70. Rc7 Be8 71.
Ke7 Rh6 {Time forfeit} 0-1

[Event "Rated Blitz game"]
[Site "?"]
[Date "2021.06.06"]
[Round "?"]
[White "Nikita_Sannikov"]
[Black "KamranShirazi"]
[Result "1-0"]
[WhiteElo "2484"]
[BlackElo "2520"]
[PlyCount "87"]
[EventDate "2021.??.??"]
[EventType "blitz"]

1. e4 e5 2. Nf3 d5 3. Nxe5 Bd6 4. Nf3 dxe4 5. Qe2 Qe7 6. Nd4 Nf6 7. d3 Bc5 8.
Be3 Bf5 9. Nxf5 Qe5 10. Nxg7+ Kf8 11. Bh6 Qxb2 12. Ne6+ Ke7 13. Nxc5 Qxa1 14.
Qd1 Rd8 15. Be2 Qe5 16. Be3 b6 17. d4 Qd6 18. Nb3 h5 19. O-O Rh8 20. h3 Nbd7
21. c4 Rag8 22. Kh1 Ng4 23. Bxg4 hxg4 24. g3 Rxh3+ 25. Kg2 Rgh8 26. Rg1 Qf6 27.
Qxg4 Rh2+ 28. Kf1 Qe6 29. Qxe6+ Kxe6 30. N1d2 f5 31. d5+ Ke7 32. Nd4 R2h5 33.
g4 fxg4 34. Rxg4 Rh1+ 35. Ke2 Ra1 36. Rg7+ Kd8 37. Nc6+ Kc8 38. Nxa7+ Kd8 39.
Bg5+ Ke8 40. Nxe4 Rxa2+ 41. Kf3 Rxa7 42. Re7+ Kf8 43. Rxd7 Ra3+ 44. Kg4 {
Time forfeit} 1-0

[Event "Rated Blitz game"]
[Site "?"]
[Date "2021.06.06"]
[Round "?"]
[White "Nikita_Sannikov"]
[Black "KamranShirazi"]
[Result "0-1"]
[WhiteElo "2488"]
[BlackElo "2517"]
[PlyCount "60"]
[EventDate "2021.??.??"]
[EventType "blitz"]

1. e4 e5 2. Nf3 d5 3. Nxe5 Bd6 4. d4 dxe4 5. Nc3 Bxe5 6. dxe5 Qxd1+ 7. Nxd1 Nc6
8. Nc3 Nd4 9. Kd1 Bg4+ 10. Be2 Nxe2 11. Nxe2 O-O-O+ 12. Ke1 f5 13. exf6 Nxf6
14. Bg5 Rhe8 15. h3 Bh5 16. g4 Bf7 17. b3 Rd5 18. Bxf6 gxf6 19. Rd1 Ra5 20. a4
f5 21. Rg1 Rf8 22. Ng3 fxg4 23. hxg4 Bg6 24. Rd4 Rg5 25. Nxe4 Re5 26. Kd2 Bxe4
27. Rf1 Bg2 28. Rg1 Rxf2+ 29. Kc3 Be4 30. Rc1 Bg6 {Normal} 0-1

[Event "Rated Blitz tournament VN2MFG8Z"]
[Site "?"]
[Date "2021.06.06"]
[Round "?"]
[White "AJSF2020"]
[Black "Killerrhino"]
[Result "1-0"]
[WhiteElo "2534"]
[BlackElo "2377"]
[PlyCount "111"]
[EventDate "2021.??.??"]
[EventType "blitz"]

1. e4 e5 2. Nf3 d5 3. exd5 e4 4. Qe2 Nf6 5. d3 Qxd5 6. Nbd2 Bf5 7. dxe4 Bxe4 8.
Ng5 Qxg5 9. Nxe4 Qe5 10. Nxf6+ gxf6 11. Bf4 Qxe2+ 12. Bxe2 Bd6 13. Bxd6 cxd6
14. O-O-O Kd7 15. h4 Nc6 16. h5 h6 17. Rh3 Rad8 18. Bb5 Rhg8 19. Rhd3 Kc7 20.
g3 Rg5 21. Bxc6 bxc6 22. Rf3 f5 23. Rh1 Re8 24. Kd2 d5 25. Re3 Re4 26. c3 Kd6
27. Rf3 Ke5 28. Re1 c5 29. Rh1 d4 30. Rd3 Rgg4 31. f3 Rg5 32. f4+ Kd5 33. fxg5
hxg5 34. h6 Re8 35. h7 Rh8 36. b3 Ke5 37. Rh5 dxc3+ 38. Kxc3 Kf6 39. Rd5 Kg6
40. Rh1 f4 41. gxf4 gxf4 42. Rxc5 f5 43. Rc6+ Kg5 44. Rg1+ Kh5 45. Rf1 Rxh7 46.
Rh1+ Kg4 47. Rg6+ Kf3 48. Rxh7 Kf2 49. Rf6 f3 50. Rxf5 Ke2 51. Re7+ Kf2 52. Kd2
Kg2 53. Rg7+ Kf2 54. a4 a5 55. Rf4 Kf1 56. Rxf3# {Normal} 1-0

[Event "Rated Blitz game"]
[Site "?"]
[Date "2021.06.06"]
[Round "?"]
[White "Karin2007"]
[Black "batasjon"]
[Result "0-1"]
[WhiteElo "2481"]
[BlackElo "2361"]
[PlyCount "74"]
[EventDate "2021.??.??"]
[EventType "blitz"]

1. e4 e5 2. Nf3 d5 3. d4 dxe4 4. Nxe5 Bd6 5. Nc4 Nf6 6. Be2 O-O 7. O-O Nc6 8.
Nc3 Nxd4 9. Bg5 Re8 10. f3 exf3 11. Bxf3 Nxf3+ 12. Qxf3 Be7 13. Rad1 Bd7 14.
Ne5 Bc5+ 15. Kh1 Rxe5 16. Bxf6 Qxf6 17. Qxf6 gxf6 18. Rxd7 Bd6 19. g3 Kg7 20.
Kg2 Rae8 21. Rf4 Re2+ 22. Nxe2 Rxe2+ 23. Rf2 Re6 24. c4 b6 25. b4 a5 26. c5
bxc5 27. bxc5 Bxc5 28. Rf5 Bb6 29. Rd2 Re4 30. Rc2 Kg6 31. Rb5 Ra4 32. h4 h5
33. Kh3 Ra3 34. Rb3 Ra4 35. a3 Kf5 36. Rf3+ Kg6 37. Rxc7 Bxc7 {Normal} 0-1

[Event "Rated Blitz game"]
[Site "?"]
[Date "2021.06.06"]
[Round "?"]
[White "Lord_voldimort"]
[Black "dr_xStranger"]
[Result "0-1"]
[WhiteElo "2436"]
[BlackElo "2528"]
[PlyCount "126"]
[EventDate "2021.??.??"]
[EventType "blitz"]

1. e4 e5 2. Nf3 d5 3. d4 dxe4 4. Nxe5 Bd6 5. Nc3 Bxe5 6. dxe5 Qxd1+ 7. Kxd1
Bg4+ 8. Be2 Bxe2+ 9. Kxe2 Nc6 10. Nxe4 O-O-O 11. c3 Nxe5 12. Be3 Ne7 13. Rad1
N7c6 14. b3 f5 15. Nc5 Rde8 16. Kd2 Ng4 17. Rde1 Rd8+ 18. Kc2 Rhe8 19. h3 Nxe3+
20. Rxe3 Rxe3 21. fxe3 Re8 22. Re1 f4 23. e4 g5 24. Nd3 Ne5 25. Nxe5 Rxe5 26.
Kd3 c5 27. h4 h6 28. hxg5 hxg5 29. Rh1 Re7 30. Rh8+ Kc7 31. Rg8 Re5 32. Rg6 a6
33. c4 b6 34. Rg7+ Kc8 35. Rg8+ Kd7 36. Rg7+ Kc6 37. Rg6+ Kc7 38. Rg7+ Kb8 39.
Rf7 Kc8 40. Rf8+ Kd7 41. Rf7+ Re7 42. Rf5 Rg7 43. e5 Rg6 44. Ke4 Ke6 45. Rf8
Ke7 46. Rb8 Kd7 47. Kf5 Rh6 48. e6+ Kc7 49. Rf8 Kd6 50. Rd8+ Ke7 51. Rd7+ Ke8
52. Rg7 Kf8 53. Rxg5 Ke7 54. Rg7+ Kd6 55. Rd7+ Kc6 56. Rd2 Rh5+ 57. Kf6 Rh6+
58. Ke7 Rh7+ 59. Kd8 Rh8+ 60. Ke7 Rh7+ 61. Kd8 Rh8+ 62. Ke7 f3 63. gxf3 Kc7 {
Time forfeit} 0-1

[Event "Rated Blitz game"]
[Site "?"]
[Date "2021.06.06"]
[Round "?"]
[White "adiosabu23"]
[Black "Fantastic_power06"]
[Result "1/2-1/2"]
[WhiteElo "2599"]
[BlackElo "2674"]
[PlyCount "121"]
[EventDate "2021.??.??"]
[EventType "blitz"]

1. e4 e5 2. Nf3 d5 3. Nxe5 Bd6 4. d4 dxe4 5. Nc3 Bxe5 6. dxe5 Qxd1+ 7. Nxd1 Nc6
8. Bf4 Nge7 9. Bb5 Bd7 10. Nc3 O-O-O 11. O-O-O Ng6 12. Bxc6 Bxc6 13. Bg3 Rxd1+
14. Rxd1 Re8 15. Rd4 e3 16. f4 Bxg2 17. Rd3 h5 18. h4 e2 19. Re3 Bf1 20. Nxe2
Bxe2 21. Rxe2 Ne7 22. Bf2 Nf5 23. Rd2 Rd8 24. Rxd8+ Kxd8 25. Kd2 Kd7 26. Kd3
Ke6 27. Ke4 b6 28. b4 g6 29. a4 Ne7 30. c3 Nd5 31. Be1 f5+ 32. Kf3 c6 33. Bd2
b5 34. axb5 cxb5 35. Ke2 a6 36. Kd3 Nb6 37. Kd4 Nc4 38. Be1 Nb2 39. Bf2 Nc4 40.
Kc5 Nd2 41. Kb6 Ne4 42. Be1 Kd5 43. Kxa6 Kc6 44. Ka5 g5 45. hxg5 h4 46. g6 h3
47. g7 h2 48. g8=Q h1=Q 49. Qe6+ Kc7 50. Qe7+ Kc6 51. Qe6+ Kc7 52. Qe7+ Kb8 53.
Qd8+ Kb7 54. Qd7+ Kb8 55. Qd8+ Kb7 56. Qd7+ Ka8 57. Qc8+ Ka7 58. Qc7+ Ka8 59.
Qc8+ Ka7 60. Qc7+ Ka8 61. Qc8+ {Normal} 1/2-1/2

[Event "Rated Blitz tournament oGBDrzdu"]
[Site "?"]
[Date "2021.06.06"]
[Round "?"]
[White "chaguito89"]
[Black "vovaches"]
[Result "0-1"]
[WhiteElo "2384"]
[BlackElo "2532"]
[PlyCount "48"]
[EventDate "2021.??.??"]
[EventType "blitz"]

1. e4 e5 2. Nf3 d5 3. exd5 e4 4. Nd4 Qxd5 5. Nb3 Nf6 6. Nc3 Qe5 7. d4 exd3+ 8.
Be3 dxc2 9. Qxc2 Nc6 10. O-O-O Bf5 11. Bd3 Nb4 12. Qb1 Nxd3+ 13. Rxd3 Bxd3 14.
Qxd3 Bd6 15. f4 Qe7 16. Qb5+ c6 17. Qd3 O-O 18. Re1 Rad8 19. Bd2 Qc7 20. Qc2
Bxf4 21. g3 Bxd2+ 22. Nxd2 Rfe8 23. Nde4 Nxe4 24. Qxe4 Rxe4 {Normal} 0-1

[Event "Rated Blitz game"]
[Site "?"]
[Date "2021.06.06"]
[Round "?"]
[White "Tuzibaba"]
[Black "KamranShirazi"]
[Result "0-1"]
[WhiteElo "2598"]
[BlackElo "2517"]
[PlyCount "58"]
[EventDate "2021.??.??"]
[EventType "blitz"]

1. e4 e5 2. Nf3 d5 3. exd5 e4 4. Qe2 Nf6 5. d3 Bb4+ 6. Bd2 O-O 7. dxe4 Re8 8.
e5 Nxd5 9. Qe4 Nc6 10. Bd3 f5 11. Qe2 Nf4 12. Bc4+ Be6 13. Bxe6+ Rxe6 14. Qf1
Nxe5 15. Nxe5 Rxe5+ 16. Kd1 Bxd2 17. Nxd2 Rd5 18. Qc4 Nxg2 19. Kc1 Kh8 20. Nf3
b5 21. Qf1 Nf4 22. b3 Qf6 23. Rb1 Rad8 24. Rg1 Qc3 25. Ng5 Rd2 26. Rb2 Ne2+ 27.
Qxe2 Rxe2 28. Nf7+ Kg8 29. Nxd8 Re1+ {Normal} 0-1

[Event "Rated Blitz game"]
[Site "?"]
[Date "2021.06.06"]
[Round "?"]
[White "Stealthx3d"]
[Black "pasha1984"]
[Result "0-1"]
[WhiteElo "2487"]
[BlackElo "2427"]
[PlyCount "102"]
[EventDate "2021.??.??"]
[EventType "blitz"]

1. e4 e5 2. Nf3 d5 3. Nxe5 dxe4 4. Bc4 Qg5 5. Nxf7 Qxg2 6. Rf1 Bg4 7. Be2 Bxe2
8. Qxe2 Kxf7 9. Qc4+ Kg6 10. Qxc7 Nc6 11. Qxb7 Nd4 12. Qa6+ Nf6 13. Qc4 Nf3+
14. Kd1 Rc8 15. Qa6 Nxh2 16. Re1 Nf3 17. Rf1 Nh2 18. Re1 Qxf2 19. Qe2 Qxe2+ 20.
Rxe2 Nf3 21. Nc3 Bb4 22. Nxe4 Nxe4 23. Rxe4 Rhe8 24. Rxe8 Rxe8 25. c3 Re1+ 26.
Kc2 Be7 27. d4 h5 28. Rb1 h4 29. Bf4 Rxb1 30. Kxb1 Kf5 31. Bb8 g5 32. d5 g4 33.
d6 Bf6 34. d7 g3 35. c4 g2 36. Bxa7 h3 37. c5 h2 38. c6 h1=Q+ 39. Kc2 g1=Q 40.
Bxg1 Qxg1 41. c7 Qc5+ 42. Kd3 Qxc7 43. Ke2 Nd4+ 44. Kd3 Qxd7 45. b4 Nc6+ 46.
Kc4 Nxb4 47. Kxb4 Ke4 48. a4 Kd4 49. a5 Qb7+ 50. Ka3 Kc3 51. Ka4 Qb4# {Normal}
0-1

[Event "Rated Blitz game"]
[Site "?"]
[Date "2021.06.05"]
[Round "?"]
[White "garri1976"]
[Black "liaqat321"]
[Result "0-1"]
[WhiteElo "2524"]
[BlackElo "2385"]
[PlyCount "118"]
[EventDate "2021.??.??"]
[EventType "blitz"]

1. e4 e5 2. Nf3 d5 3. Nxe5 Bd6 4. d4 dxe4 5. Nc4 Nf6 6. Nxd6+ Qxd6 7. c4 O-O 8.
Nc3 Nc6 9. Be3 Bf5 10. Be2 Rad8 11. d5 Ne5 12. h3 Qb4 13. Qb3 Qa5 14. O-O c6
15. Rfd1 cxd5 16. Nxd5 Nxd5 17. Rxd5 Rxd5 18. cxd5 b6 19. Bd4 Nd3 20. Qc3 Qxc3
21. bxc3 Rd8 22. f3 Rxd5 23. fxe4 Bxe4 24. Rd1 Nf4 25. Bc4 Rg5 26. g4 Nxh3+ 27.
Kh2 Nf4 28. Kg3 Ne6 29. Be3 Rg6 30. Rd7 h5 31. Rxa7 Rxg4+ 32. Kf2 h4 33. Bxb6
h3 34. Bxe6 fxe6 35. Bc7 h2 36. Bxh2 Rg2+ 37. Ke3 Bd5 38. Be5 Bxa2 39. Kf3 Bd5+
40. Ke3 Kh7 41. Rc7 Rg4 42. Kd3 Kh6 43. c4 Be4+ 44. Ke3 Bg2 45. Bc3 g5 46. c5
Rc4 47. Bf6 g4 48. Kf2 Bf3 49. Be5 Kg6 50. Bd6 Kf5 51. Rf7+ Kg6 52. Rf4 Rc2+
53. Kg3 e5 54. Rb4 e4 55. c6 Rxc6 56. Bf4 Rc3 57. Rb6+ Kf5 58. Rb5+ Kg6 59.
Rb6+ Kf7 {Time forfeit} 0-1

[Event "Rated Blitz game"]
[Site "?"]
[Date "2021.06.05"]
[Round "?"]
[White "m1123456789"]
[Black "liaqat321"]
[Result "1-0"]
[WhiteElo "2406"]
[BlackElo "2398"]
[PlyCount "93"]
[EventDate "2021.??.??"]
[EventType "blitz"]

1. e4 e5 2. Nf3 d5 3. Nxe5 Bd6 4. d4 dxe4 5. Nc3 Nf6 6. Qe2 Bf5 7. Qb5+ Nbd7 8.
Nxd7 Bxd7 9. Qxb7 O-O 10. Be2 Re8 11. O-O Rb8 12. Qa6 Ng4 13. g3 e3 14. Bxg4
exf2+ 15. Rxf2 Bxg4 16. Qd3 c5 17. Bf4 cxd4 18. Qxd4 Bxf4 19. Qxf4 Be6 20. b3
Rc8 21. Ne4 Qb6 22. Nd6 Red8 23. Nxc8 Rxc8 24. Rc1 h6 25. c4 a5 26. Rd1 a4 27.
Qd6 Qa7 28. b4 Rxc4 29. b5 Rc8 30. b6 Qb7 31. Rb1 Rc6 32. Qxc6 Qxc6 33. b7 Kh7
34. b8=Q Qc5 35. Qb6 Qa3 36. Qb2 Qd6 37. Qc2+ g6 38. Qxa4 h5 39. Qb4 Qe5 40.
Qf4 Qc5 41. Rb8 g5 42. Qf6 Qc1+ 43. Rf1 Qc5+ 44. Qf2 Qc7 45. Qb2 Qc5+ 46. Rf2
Kg6 47. Rg8+ {Time forfeit} 1-0

[Event "Rated Blitz game"]
[Site "?"]
[Date "2021.06.05"]
[Round "?"]
[White "TimeToShine"]
[Black "blackwolfrun"]
[Result "0-1"]
[WhiteElo "2498"]
[BlackElo "2336"]
[PlyCount "154"]
[EventDate "2021.??.??"]
[EventType "blitz"]

1. e4 e5 2. Nf3 d5 3. Nxe5 Bd6 4. d4 dxe4 5. Nc3 Bxe5 6. dxe5 Qxd1+ 7. Nxd1 Nc6
8. Bf4 Bf5 9. Ne3 Bg6 10. Bb5 Nge7 11. O-O-O O-O 12. Rd7 Rac8 13. Rhd1 a6 14.
Bxc6 Nxc6 15. Nd5 Bf5 16. h3 Bxd7 17. Nc3 Bf5 18. g4 Bg6 19. Nd5 Rfd8 20. h4 h5
21. Bg5 Re8 22. Nf6+ gxf6 23. Bxf6 hxg4 24. h5 Bf5 25. h6 Nxe5 26. Rd5 Nd7 27.
Bc3 Be6 28. Rg5+ Kh7 29. Bd2 Rg8 30. Rh5 Rg6 31. b3 f5 32. Bf4 Nf6 33. Rh1 Rd8
34. c4 Rd7 35. Kc2 c6 36. a4 Bf7 37. a5 Ng8 38. Kc3 Rgd6 39. Kb4 Rd3 40. Kc5
Rxb3 41. Be3 Rdd3 42. Bd4 Rxd4 43. Kxd4 Rd3+ 44. Ke5 Bg6 45. Rb1 Rd7 46. c5
Nxh6 47. Kf6 Nf7 48. Rh1+ Nh6 49. f4 exf3 50. Kg5 Rd2 51. Rxh6+ Kg7 52. Rxg6+
Kf7 53. Rf6+ Ke7 54. Rxf5 f2 55. Kxg4 Ke6 56. Rf8 Kd5 57. Kg3 Kxc5 58. Kg2 Kb5
59. Kf1 Kxa5 60. Rf5+ b5 61. Rf3 Rb2 62. Re3 b4 63. Re5+ Kb6 64. Re4 a5 65. Re2
Rxe2 66. Kxe2 a4 67. Kxf2 a3 68. Ke2 a2 69. Kd2 a1=Q 70. Ke3 Qe5+ 71. Kf3 b3
72. Kg2 b2 73. Kh3 b1=Q 74. Kg2 Qbe4+ 75. Kh3 Qc3+ 76. Kh2 Qec2+ 77. Kg1 Qa1# {
Normal} 0-1

[Event "Rated Blitz tournament aAVYZtUs"]
[Site "?"]
[Date "2021.06.05"]
[Round "?"]
[White "damoma"]
[Black "Siebenschlaefer"]
[Result "1-0"]
[WhiteElo "2455"]
[BlackElo "2240"]
[PlyCount "101"]
[EventDate "2021.??.??"]
[EventType "blitz"]

1. e4 e5 2. Nf3 d5 3. exd5 e4 4. Qe2 Nf6 5. Nc3 Bb4 6. Nxe4 O-O 7. Nxf6+ Qxf6
8. Qc4 Na6 9. Be2 Bf5 10. O-O Rfe8 11. d4 Bd6 12. Bg5 Qg6 13. Bh4 Bxc2 14. Bg3
Be4 15. Ne5 Qh6 16. Rac1 Rad8 17. Rfe1 Bxe5 18. dxe5 Bxd5 19. Qf4 Qxf4 20. Bxf4
c6 21. Bxa6 bxa6 22. b3 a5 23. Rc5 a4 24. bxa4 h6 25. a3 Rb8 26. h4 Rb2 27. Ra5
Re7 28. Be3 Rxe5 29. Rxa7 Ra2 30. a5 Rxa3 31. a6 g5 32. hxg5 hxg5 33. Rc1 Ra2
34. Bd4 Re4 35. Bf6 Rf4 36. Ra1 Rfxf2 37. Rxa2 Rxa2 38. Ra8+ Kh7 39. a7 Kg6 40.
Rg8+ Kxf6 41. a8=Q Rxg2+ 42. Kf1 Kf5 43. Qc8+ Ke4 44. Qc7 Ke3 45. Qe5+ Kd3 46.
Rxg5 Rd2 47. Rg3+ Kc2 48. Qc3+ Kd1 49. Re3 Bc4+ 50. Kg1 Rc2 51. Re1# {Normal}
1-0

[Event "Rated Blitz game"]
[Site "?"]
[Date "2021.06.05"]
[Round "?"]
[White "Beletko"]
[Black "Gifroy"]
[Result "0-1"]
[WhiteElo "2452"]
[BlackElo "2437"]
[PlyCount "42"]
[EventDate "2021.??.??"]
[EventType "blitz"]

1. e4 e5 2. Nf3 d5 3. Nxe5 Bd6 4. d4 dxe4 5. Nc4 Nf6 6. Nc3 Bf5 7. Be2 Nc6 8.
Bg5 h6 9. Bh4 Be7 10. d5 Nb4 11. Ne3 Bg6 12. Bg3 O-O 13. a3 Na6 14. b4 Bd6 15.
O-O Re8 16. Nc4 Bxg3 17. fxg3 Nb8 18. Qd4 Nbd7 19. Rf4 Nb6 20. Ne3 Qe7 21. Raf1
Nbd7 {Time forfeit} 0-1

[Event "Rated Blitz game"]
[Site "?"]
[Date "2021.06.05"]
[Round "?"]
[White "Logmann72"]
[Black "CoachVincePalamede"]
[Result "0-1"]
[WhiteElo "2506"]
[BlackElo "2640"]
[PlyCount "40"]
[EventDate "2021.??.??"]
[EventType "blitz"]

1. e4 e5 2. Nf3 d5 3. exd5 e4 4. Ne5 Qxd5 5. d4 exd3 6. Nxd3 Nf6 7. Nc3 Qd8 8.
Be2 h6 9. O-O Bd6 10. Bf3 O-O 11. g3 Nc6 12. Bg2 Ne5 13. Be3 Bg4 14. Qc1 Nxd3
15. cxd3 b6 16. Bxa8 Qxa8 17. Ne4 Nxe4 18. dxe4 Qxe4 19. Qd2 Qf3 20. Rfd1 Bf5 {
Normal} 0-1

[Event "Rated Blitz game"]
[Site "?"]
[Date "2021.06.05"]
[Round "?"]
[White "molinov"]
[Black "KinzyabulatovRenat"]
[Result "1-0"]
[WhiteElo "2465"]
[BlackElo "2428"]
[PlyCount "83"]
[EventDate "2021.??.??"]
[EventType "blitz"]

1. e4 e5 2. Nf3 d5 3. exd5 e4 4. Ne5 Qxd5 5. d4 exd3 6. Nxd3 Nc6 7. Nc3 Qa5 8.
Be2 Bf5 9. O-O O-O-O 10. a3 Nf6 11. b4 Qb6 12. Bb2 Nd4 13. Na4 Qc6 14. Nac5
Bxc5 15. bxc5 Rhe8 16. Re1 Ne4 17. Bxd4 Rxd4 18. Bf3 Qd7 19. Qc1 Nf6 20. Rxe8+
Qxe8 21. Qb2 Re4 22. Bxe4 Bxe4 23. Qe5 Qd7 24. Rd1 a5 25. f3 Bd5 26. Re1 Kb8
27. Qc3 Qa4 28. Ne5 Ka7 29. Nd3 Bc6 30. Nb2 Qb5 31. a4 Qb4 32. Qxb4 axb4 33.
Nd3 Nd5 34. Rb1 Ka6 35. Nxb4+ Nxb4 36. Rxb4 Ka5 37. Rf4 f6 38. Kf2 Bxa4 39. c3
Bc2 40. Ke3 Kb5 41. Kd4 g5 42. Rxf6 {Time forfeit} 1-0